Tôn giáo học nhập môn

Đã lưu trong:
Chi tiết về thư mục
Định dạng: Sách
Được phát hành: Tôn giáo 2006
Các nhãn: Thêm thẻ
Không có thẻ, Là người đầu tiên thẻ bản ghi này!
Thư viện lưu trữ: Mạng thư viện Đại học Đà Nẵng
LEADER 00425nam a22001691a 4500
001 000035905
003 12197
005 20160321110947.0
008 160321s2006 000
245 |a Tôn giáo học nhập môn  |c Đỗ Minh Hợp 
260 |a Tôn giáo  |c 2006 
OWN |a LNN 
999 |a From the UDN01 
TYP |a Monograph 
980 |a Mạng thư viện Đại học Đà Nẵng